| 000 | 00317nam a2200109 4500 | ||
|---|---|---|---|
| 999 |
_c13217 _d13217 |
||
| 008 | 190213b ||||| |||| 00| 0 eng d | ||
| 245 | _aUP launches book on games of Mandaya, Mansaka tribes. | ||
| 260 |
_aDavao City _bSun Star Davao _cc2017 |
||
| 300 | _apage 12. | ||
| 650 | 0 |
_936957 _aNative peoples. |
|
| 942 |
_2ddc _cPER |
||